|
|
|
|
| LEADER |
01470cam a2200445 i 4500 |
| 001 |
nkc20172884656 |
| 003 |
CZ PrNK |
| 005 |
20190816074210.0 |
| 007 |
ta |
| 008 |
171026s2017 xr a g 000 j cze d |
| 015 |
|
|
|a cnb002884656
|
| 020 |
|
|
|a 978-80-270-1388-3
|q (brožováno)
|
| 035 |
|
|
|a (OCoLC)1100763064
|
| 040 |
|
|
|a KLG001
|b cze
|d ABA001
|e rda
|
| 072 |
|
7 |
|a 821.162.3-3
|x Česká próza
|2 Konspekt
|9 25
|
| 080 |
|
|
|a 821.162.3-32
|2 MRF
|
| 080 |
|
|
|a 636.7
|2 MRF
|
| 080 |
|
|
|a 179.3
|2 MRF
|
| 080 |
|
|
|a (0:82-32)
|2 MRF
|
| 100 |
1 |
|
|a Nerková, Delicie,
|d 1949-
|7 xx0005958
|4 aut
|
| 245 |
1 |
0 |
|a Psí knížka /
|c Delicie Nerková ; ilustrovala: Pavla Kovaříková
|
| 250 |
|
|
|a 1. vydání
|
| 264 |
|
1 |
|a Praha :
|b Nadační fond Mathilda,
|c 2017
|
| 300 |
|
|
|a 125 stran :
|b ilustrace ;
|c 21 cm
|
| 336 |
|
|
|a text
|b txt
|2 rdacontent
|
| 337 |
|
|
|a bez média
|b n
|2 rdamedia
|
| 338 |
|
|
|a svazek
|b nc
|2 rdacarrier
|
| 500 |
|
|
|a Název z obálky
|
| 650 |
0 |
7 |
|a psi
|7 ph115940
|2 czenas
|
| 650 |
0 |
7 |
|a člověk a zvíře
|7 ph128185
|2 czenas
|
| 650 |
0 |
9 |
|a dogs
|2 eczenas
|
| 650 |
0 |
9 |
|a human-animal relationships
|2 eczenas
|
| 655 |
|
7 |
|a české příběhy
|7 fd133973
|2 czenas
|
| 655 |
|
9 |
|a Czech stories
|2 eczenas
|
| 700 |
1 |
|
|a Kovaříková, Pavla,
|d 1972-
|7 xx0002233
|4 ill
|
| 910 |
2 |
|
|a BOA001
|b 2-1432.427
|
| 920 |
|
|
|a 1153869
|z KLG001
|
| 990 |
|
|
|a BK
|
| 995 |
|
|
|a 01
|
| 996 |
6 |
|
|b 2610791989
|c 2-1432.427
|l MZK
|r Sklad / do 1 hodiny
|n 1
|p p.v.
|w 001749069
|u 000010
|a 1
|e BOA001
|j MZK50
|s P
|